Europa League Gruppenphase 2023/24 - Statistiken

Allgemein
  • Dieses Quiz wurde 40 mal gespielt
  • Das Durchschnittsergebnis liegt bei 14 aus 32
Antwortstatistiken
Gruppe Verein % Korrekt
A SC Freiburg
90%
H Bayer Leverkusen
87%
G AS Rom
77%
B Olympique Marseille
73%
E FC Liverpool
70%
D Sporting Lissabon
70%
A West Ham United
70%
B Ajax Amsterdam
67%
D Atalanta Bergamo
60%
C Betis Sevilla
57%
B Brighton
50%
C Glasgow Rangers
50%
B AEK Athen
43%
H Molde FK
43%
C Sparta Prag
43%
E LASK
40%
D Sturm Graz
40%
F FC Villareal
37%
G Slavia Prag
37%
F Stade Rennes
37%
E FC Toulouse
33%
A Olympiakos
30%
G Servette Genf
27%
E Union St. Gilloise
27%
H BK Häcken
23%
F Panathinaikos Athen
23%
A Backa Topola
17%
F Maccabi Haifa
17%
H Qarabag
17%
G Sheriff Tiraspol
17%
C Aris Limassol
13%
D Rakow Tschenstochau
10%
Keine übereinstimmenden Quizze gefunden
Verteilung der Resultate
Anzahl Personen mit jedem Resultat
Perzentil nach korrekt beantworteten Fragen
Ihre Resultats-Entwicklung
Sie haben dieses Quiz noch nicht gespielt